<La> politique sociale européenne : (Record no. 14249)

MARC details
000 -LEADER
campo de control de longitud fija 00904nam a2200313Ia 4500
001 - NÚMERO DE CONTROL
campo de control 021748
008 - DATOS DE LONGITUD FIJA--INFORMACIÓN GENERAL
campo de control de longitud fija 221003s1999 xx 000 0 fre d
035 ## - NÚMERO DE CONTROL DEL SISTEMA
Número de control de sistema CENDO_14250
041 ## - CÓDIGO DE IDIOMA
Código de lengua del texto/banda sonora o título independiente fre
Código de lengua del sumario o resumen
084 ## - OTRO NÚMERO DE CLASIFICACIÓN
Número de clasificación CD-06155
100 ## - ENTRADA PRINCIPAL--NOMBRE DE PERSONA
Nombre de persona DEGIMBE, Jean
9 (RLIN) 14310
245 #0 - MENCIÓN DEL TÍTULO
Título <La> politique sociale européenne :
Resto del título du traité de Rome au Traité d'Amsterdam /
Mención de responsabilidad, etc. Jean Degimbe
260 ## - PUBLICACIÓN, DISTRIBUCIÓN, ETC.
Lugar de publicación, distribución, etc. Bruxelles :
Nombre del editor, distribuidor, etc. Institut Syndical Européen,
Fecha de publicación, distribución, etc. 1999
300 ## - DESCRIPCIÓN FÍSICA
Extensión 260 p. ;
Dimensiones 20 cm
650 ## - PUNTO DE ACCESO ADICIONAL DE MATERIA--TÉRMINO DE MATERIA
Término de materia o nombre geográfico como elemento de entrada POLITICA SOCIAL
9 (RLIN) 228
650 ## - PUNTO DE ACCESO ADICIONAL DE MATERIA--TÉRMINO DE MATERIA
Término de materia o nombre geográfico como elemento de entrada TRATADO DE AMSTERDAM
9 (RLIN) 3708
650 ## - PUNTO DE ACCESO ADICIONAL DE MATERIA--TÉRMINO DE MATERIA
Término de materia o nombre geográfico como elemento de entrada HISTORIA
9 (RLIN) 26
650 ## - PUNTO DE ACCESO ADICIONAL DE MATERIA--TÉRMINO DE MATERIA
Término de materia o nombre geográfico como elemento de entrada TRATADO DE ROMA
9 (RLIN) 1769
650 ## - PUNTO DE ACCESO ADICIONAL DE MATERIA--TÉRMINO DE MATERIA
Término de materia o nombre geográfico como elemento de entrada CONCERTACION SOCIAL
9 (RLIN) 407
650 #0 - PUNTO DE ACCESO ADICIONAL DE MATERIA--TÉRMINO DE MATERIA
Término de materia o nombre geográfico como elemento de entrada EUROPA
9 (RLIN) 139
710 ## - ENTRADA AGREGADA--NOMBRE DE ENTIDAD CORPORATIVA
Nombre de entidad corporativa o nombre de jurisdicción como elemento de entrada INSTITUTO SINDICAL EUROPEO
Sede del congreso/Lugar de la reunión Bruselas,
Término indicativo de función/relación ed.
9 (RLIN) 14311
901 ## - ELEMENTOS DE DATOS A LOCAL LDA (RLIN)
a 1
903 ## - ELEMENTOS DE DATOS C LOCAL, LDC (RLIN)
a NO
904 ## - ELEMENTOS DE DATOS D LOCAL, LDD (RLIN)
a 000
953 ## -
-- 2005-12-19
-- MONOGRAFIA
-- CD-06155
910 ## - DATOS DE OPCIÓN DEL USUARIO (OCLC)
Datos de opción del usuario 1999
942 ## - ELEMENTOS DE ENTRADA SECUNDARIOS (KOHA)
Tipo de ítem Koha Monografía
Holdings
Estatus retirado Estado de pérdida Estado de daño No para préstamo Biblioteca de origen Biblioteca actual Fecha de adquisición Total de préstamos Signatura topográfica completa Código de barras Visto por última vez Precio de reemplazo Tipo de ítem Koha
        CENDO CENDO 19/12/2005   CD-06155 CENDO_14250 05/10/2022 05/10/2022 Monografía